000 00877nas a2200313 4500
001 BR0600293
003 BR-BrBNA
005 20231205105753.0
007 ta
008 230509b bl.|||p| |||| 00| 00por d
040 _aBR-BrBNA
_bpor
_cBiblioteca Nacional de Agricultura
041 _a(En)
072 _aQ80; F01
100 1 _aCereba, M.P.
100 1 _aHenrique, C.M.
100 1 _aOliveira, M.A. de
100 1 _aFerraz, M.V.
100 1 _aVicentini, N.M.
245 1 _aCharacterization of edible films of cassava starch by electron microscopy
650 _aMANDIOCA
650 _aBIOFILME
650 _aFÉCULA
650 _aCOLHEITA
650 _aFRUTA
650 _aHORTALIÇA
773 0 _tBrazilian Journal of Food Technology (Brazil)
_xISSN
_g(2000), v. 3 p. 91-95
_wBR0600293
909 _a202311
_bLúcia
_c55
_dLúcia Elande
942 _2AGRIS
_n0
_cANA
999 _c184591
_d184591